[Event "Berks & Bucks Reserves op-A"]
[Site "Maidenhead"]
[Date "2024.08.25"]
[Round "4"]
[White "Tickner, W Peter"]
[Black "Hordnes, Niclas"]
[Result "0-1"]
[WhiteElo "1724"]
[BlackElo "1828"]
[PlyCount "144"]
[EventDate "2024.08.24"]
[EventType "swiss"]
[EventRounds "6"]
[EventCountry "ENG"]
[SourceTitle "CBM 221 Extra"]
[Source "ChessBase"]
[SourceDate "2024.09.30"]
[SourceVersion "1"]
[SourceVersionDate "2024.09.30"]
[SourceQuality "1"]

1. c4 e5 2. Nc3 Nf6 3. Nf3 Nc6 4. e4 Bc5 5. Nxe5 Bxf2+ 6. Kxf2 Nxe5 7. d4 Neg4+ 8. Kg1 c6 9. h3 Nh6 10. Bg5 Qb6 11. e5 Nfg8 12. Qd2 Ne7 13. Re1 Nhf5 14. Ne2 c5 15. Bxe7 Nxe7 16. d5 d6 17. Ng3 0-0 18. exd6 Nf5 19. Nxf5 Bxf5 20. Qf2 Bg6 21. d7 Qd6 22. h4 h5 23. Rh3 b6 24. d8Q Raxd8 25. Rhe3 Rd7 26. Be2 Rdd8 27. Bf3 a5 28. Re5 f6 29. Re6 Qc7 30. Rc6 Qa7 31. Qg3 Bf7 32. Rc7 Qa6 33. b3 Rc8 34. Ree7 Rxc7 35. Rxc7 a4 36. d6 axb3 37. axb3 Qa1+ 38. Kh2 Qe5 39. Re7 Qxg3+ 40. Kxg3 Rd8 41. Rb7 Rxd6 42. Rb8+ Kh7 43. Rb7 Bg6 44. Rb8 Bc2 45. Bxh5 Bxb3 46. Bf7 Rd4 47. h5 Bxc4 48. Bg6+ Kh6 49. Rxb6 Be2 50. Kf2 Bxh5 51. Bxh5 Kxh5 52. Rc6 c4 53. Kf3 Kg5 54. Rc7 g6 55. Ke3 Rg4 56. Kf3 f5 57. g3 Re4 58. Rc5 Rg4 59. Rc6 Rd4 60. Rc5 Rd3+ 61. Kf2 c3 62. g4 Kxg4 63. Rc6 g5 64. Ke2 Rh3 65. Kd1 f4 66. Kc2 f3 67. Rc4+ Kg3 68. Rxc3 Kg2 69. Kd1 f2 70. Rc2 Rh4 71. Kd2 f1Q 72. Ke3+ Kg3 0-1

[Event "Berks & Bucks Reserves op-A"]
[Site "Maidenhead"]
[Date "2024.08.24"]
[Round "2"]
[White "Blackwell, Henry"]
[Black "Tickner, W Peter"]
[Result "1/2-1/2"]
[WhiteElo "1860"]
[BlackElo "1724"]
[PlyCount "98"]
[EventDate "2024.08.24"]
[EventType "swiss"]
[EventRounds "6"]
[EventCountry "ENG"]
[SourceTitle "CBM 221 Extra"]
[Source "ChessBase"]
[SourceDate "2024.09.30"]
[SourceVersion "1"]
[SourceVersionDate "2024.09.30"]
[SourceQuality "1"]

1. e4 c5 2. Nf3 d6 3. Bb5+ Bd7 4. Bxd7+ Qxd7 5. c4 Nc6 6. Nc3 e6 7. d4 cxd4 8. Nxd4 Nf6 9. 0-0 Be7 10. Be3 Rc8 11. b3 0-0 12. f4 Rfd8 13. Qf3 h6 14. Rfd1 Kh7 15. Kh1 Ne8 16. Rac1 Bf8 17. g4 g6 18. Qh3 Bg7 19. Nxc6 Qxc6 20. f5 Nf6 21. Qf3 exf5 22. gxf5 Re8 23. fxg6+ fxg6 24. Bf4 Nxe4 25. Nxe4 Rxe4 26. Rxd6 Re1+ 27. Kg2 Re2+ 28. Kg3 Qxf3+ 29. Kxf3 Rxa2 30. Rd7 Rf8 31. Kg3 g5 32. Be5 Rg8 33. Rcd1 Ra6 34. Re7 Kg6 35. Rxg7+ Rxg7 36. Bxg7 Kxg7 37. Rd7+ Kg6 38. Rxb7 Kf5 39. c5 Ke5 40. Kg4 Kd5 41. b4 Ra4 42. Kh5 Kc6 43. Rb8 Kc7 44. Rb5 a6 45. Rb6 a5 46. bxa5 Rxa5 47. Rxh6 Rxc5 48. Rg6 Rc2 49. Kg4 Rg2+ 1/2-1/2